<?xml version="1.0" encoding="UTF-8"?>
<collection xmlns="http://www.loc.gov/MARC21/slim">
 <record>
  <leader>00687cam a2200193 7i4500</leader>
  <controlfield tag="001">0000069161</controlfield>
  <controlfield tag="005">20091228090000.0</controlfield>
  <controlfield tag="008">091214s2001</controlfield>
  <datafield tag="020" ind1="#" ind2="0">
   <subfield code="a">9830772319 </subfield>
  </datafield>
  <datafield tag="090" ind1="0" ind2="0">
   <subfield code="a">PJ 6633 </subfield>
   <subfield code="b">.M8 2001</subfield>
  </datafield>
  <datafield tag="100" ind1="0" ind2="#">
   <subfield code="a">Mohd. Azani Ghazali </subfield>
  </datafield>
  <datafield tag="245" ind1="0" ind2="0">
   <subfield code="a">Kamus lengkap Arab-Melayu-Inggeris  </subfield>
   <subfield code="c">Mohd Azani Ghazali dan Abdul Aziz Hassan @ Yahaya.</subfield>
  </datafield>
  <datafield tag="260" ind1="#" ind2="#">
   <subfield code="a">Johor Bahru: </subfield>
   <subfield code="b">Perniagaan Jahabersa, </subfield>
   <subfield code="c">2001.</subfield>
  </datafield>
  <datafield tag="300" ind1="#" ind2="#">
   <subfield code="a">394 p.; </subfield>
   <subfield code="c">23 cm..</subfield>
  </datafield>
  <datafield tag="650" ind1="0" ind2="0">
   <subfield code="a">Arabic language -- </subfield>
   <subfield code="x">Dictionaries -- </subfield>
   <subfield code="x">English </subfield>
  </datafield>
  <datafield tag="650" ind1="0" ind2="0">
   <subfield code="a">Arabic language -- </subfield>
   <subfield code="x">Dictionaries -- </subfield>
   <subfield code="x">Polyglot </subfield>
  </datafield>
  <datafield tag="650" ind1="0" ind2="0">
   <subfield code="a">Arabic language -- </subfield>
   <subfield code="x">Dictionaries -- </subfield>
   <subfield code="x">Malay </subfield>
  </datafield>
  <datafield tag="700" ind1="0" ind2="1">
   <subfield code="a">Abdul Aziz Hassan </subfield>
  </datafield>
  <datafield tag="999" ind1=" " ind2=" ">
   <subfield code="a">1100064203</subfield>
   <subfield code="b">Book</subfield>
   <subfield code="c">Rujukan</subfield>
   <subfield code="e">KOLEKSI RUJUKAN</subfield>
  </datafield>
 </record>
</collection>
